Transformación del Estado en América Latina /

שמור ב:
מידע ביבליוגרפי
מחבר ראשי: Garretón M., Manuel Antonio
פורמט: Texto
תגים: הוספת תג
אין תגיות, היה/י הראשונ/ה לתייג את הרשומה!

MARC

LEADER 00000 a a2200000 04500
001 47511
003
040
100 |a Garretón M., Manuel Antonio  
245 |a Transformación del Estado en América Latina /  |c Manuel Antonio Garretón M.  
773 |g número6, (1995), páginas 4-16  
999 |c 37319  |d 37319